Diseño Geométrico, Mejoramiento de Camino y Estructura de Pavimento del Tramo: El Cuá San José de Bocay 32.43Km

Presenta el diseño geométrico, mejoramiento de caminos y estructura de pavimento del tramo El Cuá, San José de Bocay de 32.43 km ubicado en el departamento de Jinotega, de acuerdo con las normas AASHTO 93.

Bibliographic Details
Main Authors: Dávila Vanegas, Emilio Enrique, Dávila Vanegas, Rina Iván
Other Authors: Tutor: Bustamante Arteaga, José Fernando
Format: Tesis Section = Libro
Language:Undetermined
Spanish
Published: Managua UNI 2015
Subjects:
LEADER 01112nam a2200265Ia 4500
008 240830s9999 xx 000 0 und d
040 |a BIBLIOTECA-RUPAP Mon 625.85 D265 
041 |a spa 
082 |a Mon 625.85 D265 
100 1 |a Dávila Vanegas, Emilio Enrique 
100 1 |b  Dávila Vanegas, Rina Iván 
245 1 0 |a Diseño Geométrico, Mejoramiento de Camino y Estructura de Pavimento del Tramo: El Cuá San José de Bocay 32.43Km 
260 |a Managua  |b UNI  |c 2015 
300 |a 198 p. :il. 
500 |a Contiene: anexos e Incluye: CD. 
502 |a Tesis (Ingeniero Civil)- UNI, 2015. 
520 3 |a Presenta el diseño geométrico, mejoramiento de caminos y estructura de pavimento del tramo El Cuá, San José de Bocay de 32.43 km ubicado en el departamento de Jinotega, de acuerdo con las normas AASHTO 93. 
650 7 |a PAVIMENTOS 
650 7 |b PAVIMENTOS DE HORMIGON 
650 7 |c PAVIMENTOS – DISEÑO Y CONSTRUCCION 
650 7 |d CARRETERAS – MANTENIMIENTO Y REPARACION 
700 1 |a Tutor:  |b Bustamante Arteaga, José Fernando 
942 |c BK  |2 ddc 
991 |a TESIS 
999 |c 16077